Guess player --SuperStars-- - Statistics

General Stats
  • This quiz has been taken 2 times
  • The average score is 12 of 15
Answer Stats
Number Player name % Correct
23 Anthony Davis
100%
0 Damian Lillard
100%
23 Draymond Green
100%
13 James Harden
100%
2 John Wall
100%
2 Kawhi Leonard
100%
2 Kyrie Irving
100%
23 LeBron James
100%
13 Paul George
100%
0 Russell Westbrook
100%
30 Stephen Curry
100%
15 DeMarcus Cousins
50%
32 Karl-Anthony-Towns
50%
21 Jimmy Butler
0%
0 Kevin Love
0%
No matching quizzes found
Score Distribution
Percent of People with Each Score
Percentile by Number Answered
Your Score History
You have not taken this quiz